| 000 | 00701nam a2200241Ia 4500 | ||
|---|---|---|---|
| 003 | OSt | ||
| 005 | 20221007110402.0 | ||
| 006 | a|||||r|||| 00| 0 | ||
| 007 | ta | ||
| 008 | 221006b |||||||| |||| 00| 0 eng d | ||
| 024 | _a21,029 | ||
| 037 | _cTextual | ||
| 040 |
_aLCO _cLCO _beng |
||
| 041 |
_2eng _aeng |
||
| 082 | _aZv2,A, M6 | ||
| 100 |
_aSupakar Shraddhkar _9707422 |
||
| 245 | 0 | _aLaw of Procedure and Justice in Ancient India Foreword by Justice R.N. Misra | |
| 260 |
_aNew _bDelhi Deep & Deep Publications India _c1986 |
||
| 300 | _a319 | ||
| 650 |
_aJUSTICE IN ANCIENT INDIA _9707423 |
||
| 942 |
_hZv2,A, M6 _cTEXL |
||
| 999 |
_c1190592 _d1190592 |
||